|
|
|
|
| LEADER |
00000nam0a2200000 4500 |
| 001 |
351383 |
| 005 |
20231102010410.0 |
| 035 |
|
|
|a (RuTPU)RU\TPU\retro\6415
|
| 035 |
|
|
|a RU\TPU\retro\6414
|
| 090 |
|
|
|a 351383
|
| 100 |
|
|
|a 20190604u m y0rusy50 ca
|
| 101 |
0 |
|
|a rus
|
| 102 |
|
|
|a RU
|
| 105 |
|
|
|a a j 001zy
|
| 200 |
1 |
|
|a Курс физики
|h Ч. 2
|e [учебное пособие]
|f Б. П. Вейнберг
|
| 210 |
|
|
|a [Б. м.]
|c [Б. и.]
|d [Б. г.]
|
| 215 |
|
|
|a 776 + 86 с.
|c ил.
|
| 300 |
|
|
|a Текст в русской дореформенной орфографии
|
| 317 |
|
|
|5 63413507: КР-6486
|a Поступил в НТБ в 1987 г. в дар от вдовы ученого Е. К. Завадовской
|
| 320 |
|
|
|a Предметно-именной указатель: с. 61-86
|
| 606 |
1 |
|
|a Физика
|2 stltpush
|3 (RuTPU)RU\TPU\subj\63709
|9 80688
|
| 610 |
1 |
|
|a библиотека А. А. Воробьева
|
| 610 |
1 |
|
|a термометрия
|
| 610 |
1 |
|
|a теплота
|
| 610 |
1 |
|
|a температурные изменения
|
| 610 |
1 |
|
|a калориметрия
|
| 610 |
1 |
|
|a звук
|
| 610 |
1 |
|
|a акустика
|
| 610 |
1 |
|
|a оптика
|
| 610 |
1 |
|
|a свет
|
| 610 |
1 |
|
|a магнетизм
|
| 610 |
1 |
|
|a электричество
|
| 610 |
1 |
|
|a электрический ток
|
| 610 |
1 |
|
|a электромагнитная теория
|
| 610 |
1 |
|
|a атомистическая теория
|
| 610 |
1 |
|
|a математические методы
|
| 610 |
1 |
|
|a учебные пособия
|
| 675 |
|
|
|a 53(075.8)
|v 4
|
| 700 |
|
1 |
|a Вейнберг
|b Б. П.
|c российский геофизик
|c профессор Томского технологического института (1909-1924)
|f 1871-1942
|g Борис Петрович
|x TPU
|2 stltpush
|3 (RuTPU)RU\TPU\pers\5705
|
| 801 |
|
1 |
|a RU
|b 63413507
|c 20190604
|
| 801 |
|
2 |
|a RU
|b 63413507
|c 20191030
|g RCR
|
| 942 |
|
|
|c BK
|